An introduction to natural language processing through Prolog
Αποθηκεύτηκε σε:
| Κύριος συγγραφέας: | |
|---|---|
| Μορφή: | Βιβλίο |
| Γλώσσα: | English |
| Δημοσίευση: |
London :
Longman,
1998
|
| Θέματα: | |
| Ετικέτες: |
Προσθήκη ετικέτας
Δεν υπάρχουν, Καταχωρήστε ετικέτα πρώτοι!
|
MARC
| LEADER | 00000nam a2200000 i 4500 | ||
|---|---|---|---|
| 001 | 1/53294 | ||
| 008 | 070830s1998 eng d | ||
| 020 | |a 0-582-06622-0 | ||
| 035 | |l 10090248 | ||
| 040 | |a GR-MY-UA |b gre |e aacr | ||
| 041 | 0 | |a eng | |
| 082 | 0 | |a 006.35 |2 (22) | |
| 100 | 1 | |a Matthews, Clive |d 1956- | |
| 245 | 1 | 3 | |a An introduction to natural language processing through Prolog / |c Clive Matthews |
| 260 | |a London : |b Longman, |c 1998 | ||
| 300 | |a xi, 306 σ.; |c 22 εκ. | ||
| 504 | |a Περιλαμβάνει βιβλιογραφικές παραπομπές και ευρετήριο | ||
| 650 | 0 | 0 | |a Natural language processing (Computer science) |
| 650 | 0 | 0 | |a Prolog (Computer program language) |
| 852 | |a INST |b SAMOS |e 20070830 |h 006.35 MAT |p 005300028381 |q 005300028381 |t BK |y 0 | ||
| 901 | |a BIBL3-2007-2 | ||
| 909 | |a Σ |b 137312 | ||
| 922 | |a 3ΕΛΗ |b 200707 |c ΕΠΕΑΕΚ2/ΤΜΠΕΣ |d ΕΛΕΥΘΕΡΟΥΔΑΚΗΣ | ||
| 970 | |a ΡΟΥΣΣΟΥ |b ΚΩΝΣΤΑΝΤΙΝΑ |z 2007/08/30 | ||